000 00302nam a22001337a 4500
008 181024b xxu||||| |||| 00| 0 eng d
020 _a9781591951216
041 _aeng
080 _a616.9
100 _a8
101 _aINF
245 _aInfectious DFiseases Handbook
_cAberg.J.A
942 _2udc
_cBK
999 _c50823
_d50823